000 00919nam a2200289Ia 4500
003 OSt
005 20221005062101.0
006 a|||||r|||| 00| 0
007 ta
008 221004b |||||||| |||| 00| 0 eng d
020 _a9781138228290 (hbk)
_cUKP 175.00
024 _a42977
037 _b1610, 23/01/2019, Bright Book Service
_cTextual
040 _aCRL
_cCRL
_beng
041 _2eng
_aeng
082 _aP6, Q8
100 _aAgwuele Augustine Ed.
_9601434
245 0 _aRoutledge handbook of african linguistics
260 _aLondon
_bRoutledge UK
_c2018
300 _axvii,464p.
_ccm.
490 _aRoutledge handbooks
650 _a LANGUAGE AND LANGUAGES
_98342
650 _aAFRICAN LANGUAGES
_9228261
700 _a Bodomo Adams Ed.
_9601435
942 _hP6, Q8
_cTEXL
_2cc
999 _c969173
_d969173